00415 a2200109 4500001000900000005001700009008004100026245014100067100002700208700002800235773004200263ART_550220260410161616.0260409a 10aTratamiento contable de las indemnizaciones por despido y por accidentes de trabajo a la luz de los recientes fallos de la Corte Suprema1 aSlosse, Carlos Alberto1 aGamondés, Santiago F.0 tEnfoquesg- Nº 1 (ene. 2005)wREV416